000 00212nam a2200097Ia 4500
005 20251222114354.0
008 251222s1900||||xx |||||||||||||| ||spa||
082 _aDVD0070/E11
245 0 _aGran torino:
942 _cDVD
999 _c1360
_d1360